Composer by Famous Piece PT.2 - Statistics

General Stats
  • This quiz has been taken 54 times
    48 since last reset
  • The average score is 15 of 35
Answer Stats
Hint Answer % Correct
Finlandia Jean Sibelius
81%
The Firebird Igor Stravinsky
78%
Symphony No.3 in E-Flat Major "Eroica" Ludwig Van Beethoven
78%
Canon in D Johann Pachelbel
70%
Air of the G String Johann Sebastian Bach
65%
Fantaisie-Impromptu Frédéric Chopin
62%
Danse Macabre Camille Saint-Saëns
57%
La Mer Claude Debussy
57%
Ave Maria Franz Schubert
54%
Scheherazade Nikolai Rimsky-Korsakov
54%
Liebestraum Franz Liszt
51%
Funeral March Frédéric Chopin
51%
Pavane pour une infante défunte Maurice Ravel
51%
Adagio for Strings Samuel Barber
51%
Fanfare for the Common Man Aaron Copland
49%
Rêverie Claude Debussy
49%
Pomp and Circumstance Marches Edward Elgar
49%
The Well-Tempered Clavier Johann Sebastian Bach
49%
Violin Sonata No.9 "Kreutzer Sonata" Ludwig Van Beethoven
46%
La donna è mobile Giuseppe Verdi
43%
Jeux D'eau Maurice Ravel
43%
Salzberg Symphonie: Divertimento in D Major Wolfgang Amadeus Mozart
43%
Sabre Dance Aram Khachaturian
38%
Symphony No.4 in A Major "Italian" Felix Mendelssohn
38%
String Quartet in F Major "American" Antonín Dvořák
30%
Symphony No.3 in A Minor "Scottish" Felix Mendelssohn
30%
Ständchen Franz Schubert
27%
Arrival of the Queen of Sheba George Frideric Handel
24%
Sonata for Violin and Piano "Spring Sonata" Ludwig Van Beethoven
24%
Symphonie Espagnole Édouard Lalo
22%
Variations on "God Save the King" Niccolò Paganini
16%
Sextet in D Minor "Souvenir de Florence" Pyotr Ilyich Tchaikovsky
16%
Wiegenlied Johannes Brahms
14%
Carnaval Robert Schumann
14%
Gran Vals Francisco Tárrega
3%
No matching quizzes found
Score Distribution
Percent of People with Each Score
Percentile by Number Answered
Your Score History
You have not taken this quiz since the last reset